| 000 | 00784nam a2200253Ia 4500 | ||
|---|---|---|---|
| 003 | GCL | ||
| 008 | 140319s9999 xx 000 0 ara d | ||
| 020 | _a5226208977 | ||
| 040 |
_aGCL / _cGCL |
||
| 082 | 0 | 4 |
_a792.025 _bز ا |
| 100 | 1 | _aنوفل نيوف | |
| 245 | 1 | 0 |
_aاعداد الممثل / _cنوفل نيوف |
| 700 | 1 | _aبوريس، زاخافا | |
| 700 | 1 | _aتوفيق المؤذن | |
| 250 | _aالاولى | ||
| 260 |
_aالقاهرة : _bمكتبة مدبولى ، _c1998 |
||
| 300 |
_a302 ص ؛ _c22 سم |
||
| 490 |
_aالهيئة العامة للاستعلامات _v0 |
||
| 650 | 0 | 4 | _aالمسرح |
| 650 | 0 | 4 | _aالتمثيل فى المسرح |
| 650 | 0 | 4 | _aالممثلون والممثلات |
| 650 | 0 | 4 | _aالمسرح اعداد |
| 942 |
_2ddc _cBK |
||
| 999 |
_c51817 _d51817 |
||